| 000 | 01285cam a22003015a 4500 | ||
|---|---|---|---|
| 001 | L158191 | ||
| 008 | 131008s2014 xxk f 000 0 eng d | ||
| 020 | _a9781848063822 | ||
| 020 |
_a9781848063921 _q(4-part set) |
||
| 035 | _a(Sirsi) u158191 | ||
| 041 | 0 | _aeng | |
| 100 | 1 | _aHolden, John | |
| 245 | 0 | 0 |
_aRenewable energy sources _bHow they work and what they deliver _nPart 1 _pPhotovoltaics |
| 260 |
_aWatford _bBRE _c2014 |
||
| 300 |
_a8p. _bill. _c30cm. |
||
| 490 | 0 |
_aBRE Digest _v(DG 532-1) |
|
| 520 | _aProvides a basic understanding for people who have little or no prior knowledge of solar photovoltaics, and for engineers and architects who wish to know more about the technical details of photovoltaic modules. It includes an introduction to different types of solar photovoltaics, their properties, operating characteristics, annual energy performance, standards and certification. Cover also the components of PV systems and their purpose. | ||
| 521 | _aAdvanced | ||
| 590 | _aKA | ||
| 650 | 2 | 4 | _aHybrid PV modules |
| 650 | 2 | 4 | _aBuilding-integrated PV modules |
| 650 | 2 | 4 | _aAmorphous thin film PV modules |
| 650 | 2 | 4 | _aCrystalline silicon PV modules |
| 651 | 4 | _aENGLAND AND WALES | |
| 690 |
_aRenewables _96265 |
||
| 690 |
_aENERGY _96237 |
||
| 942 | _n0 | ||
| 999 |
_c115191 _d115191 |
||